[Event "Gibraltar Masters Open 2015"]
[Site "Caleta ENG"]
[Date "2015.01.29"]
[Round "3"]
[White "Khotenashvili, Bela"]
[Black "Wei, Yi"]
[Result "0-1"]
[WhiteElo "2526"]
[BlackElo "2675"]
[PlyCount "98"]
[EventDate "2015.01.27"]

1. d4 Nf6 2. c4 g6 3. Nf3 Bg7 4. g3 d5 5. Bg2 dxc4 6. Qa4+ Nfd7 7. O-O Nc6 8.
Qxc4 Nb6 9. Qc2 O-O 10. e3 Bf5 11. e4 Bg4 12. d5 Bxf3 13. dxc6 Bxg2 14. Kxg2
bxc6 15. Qxc6 Qd6 16. Qc2 Rfd8 17. a4 a5 18. Ra3 Qe6 19. Re3 h5 20. b3 Bd4 21.
Re2 h4 22. h3 hxg3 23. fxg3 c5 24. Na3 c4 25. Nxc4 Rac8 26. Bf4 Nxc4 27. bxc4
Rxc4 28. Qb3 Rdc8 29. Rfe1 Qc6 30. h4 Qxa4 31. Qb7 e5 32. Bg5 Qc6 33. Qe7 Re8
34. Qf6 Qxf6 35. Bxf6 Re6 36. Bg5 a4 37. Rb1 Kg7 38. Ra2 Rb6 39. Rxb6 Bxb6 40.
Kf3 Bc5 41. Bd2 Be7 42. Be1 f5 43. exf5 gxf5 44. Rb2 a3 45. Rb7 Kf6 46. Rb6+
Kf7 47. Ra6 Rc2 48. g4 a2 49. g5 Bc5 0-1

[Event "Gibraltar Masters Open 2015"]
[Site "Caleta ENG"]
[Date "2015.01.29"]
[Round "3"]
[White "Topalov, Veselin"]
[Black "Guerrero Vargas, Andres"]
[Result "1-0"]
[WhiteElo "2800"]
[BlackElo "2320"]
[PlyCount "41"]
[EventDate "2015.01.27"]

1. d4 Nf6 2. Nf3 e6 3. g3 b5 4. Bg5 Bb7 5. Nbd2 Be7 6. e3 Ne4 7. Nxe4 Bxe4 8.
Bxe7 Qxe7 9. c3 e5 10. Bd3 Bxd3 11. Qxd3 e4 12. Qxb5 exf3 13. Qb7 O-O 14. Qxa8
Nc6 15. Qb7 Rb8 16. Qxc7 Rxb2 17. Qc8+ Nd8 18. O-O h5 19. Rab1 Rxb1 20. Rxb1
Kh7 21. Qc5 1-0

[Event "Gibraltar Masters Open 2015"]
[Site "Caleta ENG"]
[Date "2015.01.29"]
[Round "3"]
[White "Svidler, Peter"]
[Black "Georgiadis, Nico"]
[Result "1-0"]
[WhiteElo "2739"]
[BlackElo "2490"]
[PlyCount "87"]
[EventDate "2015.01.27"]

1. c4 e6 2. g3 d5 3. Bg2 Nf6 4. Nf3 d4 5. O-O c5 6. e3 Nc6 7. d3 Bd6 8. exd4
cxd4 9. a3 a5 10. Bg5 h6 11. Bxf6 Qxf6 12. Nbd2 Qe7 13. Ne4 Bc7 14. Qa4 Bd7 15.
Qb5 a4 16. b4 b6 17. Qh5 g6 18. Qh4 Qxh4 19. Nxh4 Ke7 20. f4 Be8 21. Rae1 Rd8
22. Rf2 g5 23. fxg5 Ne5 24. g6 f5 25. Nd2 Kf6 26. Rfe2 Bd7 27. Ndf3 Nxd3 28.
Rd1 Ne5 29. Nxe5 Bxe5 30. g4 f4 31. Be4 Bc7 32. Rxd4 e5 33. Rd5 Be6 34. Rc2 Rc8
35. Bf5 e4 36. Bxe6 Kxe6 37. Rcd2 Be5 38. g7 Rhe8 39. Ng6 Bxg7 40. Nxf4+ Kf7
41. Rd7+ Kg8 42. R2d6 Rf8 43. Nd5 Bd4+ 44. Kg2 1-0

[Event "Bundesliga 2014/15"]
[Site "Germany GER"]
[Date "2015.01.30"]
[Round "8"]
[White "Fressinet, Laurent"]
[Black "Giri, Anish"]
[Result "1/2-1/2"]
[WhiteElo "2713"]
[BlackElo "2768"]
[PlyCount "83"]
[EventDate "2014.10.18"]
[EventType "team"]
[WhiteTeam "Werder Bremen"]
[BlackTeam "SK Turm Emsdetten"]

1. e4 c5 2. Nf3 e6 3. d4 cxd4 4. Nxd4 Nc6 5. Nc3 a6 6. Be3 Qc7 7. Qf3 Nf6 8.
O-O-O Ne5 9. Qg3 b5 10. f4 Neg4 11. Bg1 b4 12. Nb1 e5 13. fxe5 Nxe5 14. Nf3 d6
15. Bd4 Nh5 16. Qe1 Rb8 17. Nbd2 Be6 18. Kb1 Be7 19. b3 O-O 20. Nxe5 dxe5 21.
Bb2 Rbc8 22. Nc4 Qc5 23. Bxe5 Rfd8 24. Rxd8+ Rxd8 25. Bb2 a5 26. Be2 Nf4 27.
Qg3 g5 28. Bd3 a4 29. Rf1 a3 30. Bc1 Nxd3 31. cxd3 Qd4 32. Bxg5 Bxg5 33. Qxg5+
Kf8 34. Qe3 Qxd3+ 35. Qxd3 Rxd3 36. Kc2 Rc3+ 37. Kd2 Bxc4 38. bxc4 Rxc4 39. Kd3
Rc3+ 40. Kd2 Rc4 41. Kd3 Rc3+ 42. Kd2 1/2-1/2

[Event "Gibraltar Masters Open 2015"]
[Site "Caleta ENG"]
[Date "2015.01.30"]
[Round "4"]
[White "Roiz, Michael"]
[Black "Harikrishna, Pentala"]
[Result "1/2-1/2"]
[WhiteElo "2592"]
[BlackElo "2723"]
[PlyCount "61"]
[EventDate "2015.01.27"]

1. d4 Nf6 2. c4 e6 3. Nf3 b6 4. g3 Ba6 5. b3 Bb4+ 6. Bd2 Be7 7. Bg2 c6 8. Bc3
d5 9. Ne5 Ne4 10. O-O Nxc3 11. Nxc3 O-O 12. Rc1 Bf6 13. cxd5 cxd5 14. Re1 Bb7
15. e4 Na6 16. exd5 exd5 17. Ng4 Nc7 18. Nxf6+ Qxf6 19. Re5 Rad8 20. Qd2 Rfe8
21. Rce1 Rxe5 22. Rxe5 Qd6 23. Nd1 Re8 24. Rxe8+ Nxe8 25. Ne3 Qd7 26. h4 Nf6
27. Qc3 g6 28. Bf3 Kg7 29. Qd2 Qe6 30. Qc2 Qd7 31. Qd2 1/2-1/2

[Event "Gibraltar Masters Open 2015"]
[Site "Caleta ENG"]
[Date "2015.01.30"]
[Round "4"]
[White "Wei, Yi"]
[Black "Ju, Wenjun"]
[Result "1-0"]
[WhiteElo "2675"]
[BlackElo "2547"]
[PlyCount "95"]
[EventDate "2015.01.27"]

1. e4 e5 2. Nf3 Nf6 3. Nc3 Nc6 4. Bb5 Bc5 5. O-O O-O 6. Nxe5 Re8 7. Nf3 Nxe4 8.
Nxe4 Rxe4 9. d3 Re8 10. d4 Be7 11. d5 a6 12. Bd3 Nb4 13. Bc4 b5 14. Bb3 c6 15.
dxc6 dxc6 16. Ne5 Be6 17. Bxe6 fxe6 18. Qe2 Qc7 19. Bf4 Bd6 20. Rad1 Nd5 21.
Bg3 b4 22. Rfe1 a5 23. Qc4 Rac8 24. Nd3 Bxg3 25. hxg3 c5 26. Re5 Nb6 27. Qe4
Qc6 28. Qxc6 Rxc6 29. Rxc5 Rxc5 30. Nxc5 Rc8 31. Nxe6 Rxc2 32. Rd6 Na4 33. Rd7
Rxb2 34. Rxg7+ Kh8 35. Ra7 h6 36. Rxa5 Rxa2 37. Rb5 Ra1+ 38. Kh2 Rb1 39. Nd4
Nc3 40. Rb7 Nd5 41. g4 Rb2 42. Kg3 Nc3 43. f3 Nd5 44. Nf5 b3 45. Nxh6 Ne3 46.
Kf4 Nxg2+ 47. Kg5 Rb1 48. Kf6 1-0

[Event "Gibraltar Masters Open 2015"]
[Site "Caleta ENG"]
[Date "2015.01.30"]
[Round "4"]
[White "Svidler, Peter"]
[Black "Kjartansson, Gudmundur"]
[Result "1-0"]
[WhiteElo "2739"]
[BlackElo "2468"]
[PlyCount "125"]
[EventDate "2015.01.27"]

1. e4 e5 2. Nf3 Nc6 3. Bb5 a6 4. Ba4 Nf6 5. O-O Be7 6. Re1 b5 7. Bb3 d6 8. c3
O-O 9. h3 Bb7 10. d4 Re8 11. Nbd2 exd4 12. cxd4 Nd7 13. Nf1 Na5 14. Bc2 Bf6 15.
N1h2 c5 16. Ng4 cxd4 17. Nxd4 Bxd4 18. Qxd4 Rc8 19. Qd1 h5 20. Nh2 Qc7 21. Bb1
Nf6 22. Bg5 Nxe4 23. Bxe4 Bxe4 24. Qxh5 Bg6 25. Qh4 Qc4 26. Ng4 f5 27. b3 Qf7
28. Ne3 Re4 29. Bf4 d5 30. f3 Ree8 31. Rad1 Rcd8 32. Rc1 d4 33. Nf1 Rd7 34. Bd2
Nb7 35. Rxe8+ Qxe8 36. Rc6 a5 37. Qg5 Rd6 38. Rxd6 Nxd6 39. Bxa5 Qe6 40. Qd8+
Be8 41. Bb4 Nf7 42. Qxd4 Qe5 43. Qd2 f4 44. Bc3 Qc5+ 45. Bd4 Qf5 46. Qc3 Qg6
47. Nd2 Bc6 48. Kh1 Nh6 49. Bf2 Nf5 50. Qe5 Ng3+ 51. Kh2 Nh5 52. Ne4 Qe8 53.
Qxe8+ Bxe8 54. Nc5 Nf6 55. a4 bxa4 56. bxa4 Kf7 57. a5 Nd5 58. h4 Bb5 59. a6
Kg6 60. a7 Bc6 61. Bd4 Kh5 62. Bxg7 Kxh4 63. Ne6 1-0

[Event "Gibraltar Masters Open 2015"]
[Site "Caleta ENG"]
[Date "2015.01.30"]
[Round "4"]
[White "Topalov, Veselin"]
[Black "Stefansson, Hannes"]
[Result "1-0"]
[WhiteElo "2800"]
[BlackElo "2573"]
[PlyCount "131"]
[EventDate "2015.01.27"]

1. e4 e5 2. Nf3 Nc6 3. Bb5 Nf6 4. d3 Bc5 5. c3 O-O 6. O-O Re8 7. Bg5 h6 8. Bh4
Be7 9. Nbd2 d6 10. Bg3 Bd7 11. a4 Bf8 12. Re1 a6 13. Bc4 g6 14. d4 Bg7 15. Qb3
Re7 16. dxe5 dxe5 17. Bd5 Rb8 18. Nc4 Nh5 19. Bh4 g5 20. Bg3 Qe8 21. Ne3 Nf4
22. Qc2 Kh8 23. b4 Nd8 24. Bb3 Be6 25. Rad1 Rd7 26. Rxd7 Qxd7 27. Nf5 Nc6 28.
Rd1 Qe8 29. h3 Rd8 30. Bxe6 Rxd1+ 31. Qxd1 fxe6 32. Nxg7 Kxg7 33. b5 axb5 34.
axb5 Ne7 35. Nxe5 Nh5 36. Qd4 Nxg3 37. Ng4+ Kh7 38. fxg3 Qxb5 39. Qf6 Qc5+ 40.
Kh2 Ng8 41. Qf7+ Kh8 42. Qg6 h5 43. Qxh5+ Kg7 44. e5 Qe7 45. c4 b6 46. Nf6 Nxf6
47. Qxg5+ Kf7 48. Qf4 c6 49. exf6 e5 50. Qe3 Qe6 51. h4 Kxf6 52. Qxb6 e4 53.
Qd4+ Kg6 54. c5 e3 55. Qd6 Qxd6 56. cxd6 e2 57. d7 e1=Q 58. d8=Q Qe6 59. Qd4
Qc8 60. g4 c5 61. h5+ Kf7 62. Qd5+ Kg7 63. Qe5+ Kg8 64. g5 Qg4 65. Qe8+ Kh7 66.
Qf7+ 1-0

[Event "Gibraltar Masters Open 2015"]
[Site "Caleta ENG"]
[Date "2015.01.30"]
[Round "4"]
[White "Vitiugov, Nikita"]
[Black "Bok, Benjamin"]
[Result "1/2-1/2"]
[WhiteElo "2735"]
[BlackElo "2572"]
[PlyCount "85"]
[EventDate "2015.01.27"]

1. Nf3 Nf6 2. c4 c5 3. Nc3 d5 4. cxd5 Nxd5 5. g3 Nc6 6. Bg2 g6 7. Qb3 e6 8. O-O
Bg7 9. d3 O-O 10. Qb5 Qe7 11. Bg5 f6 12. Bd2 Nc7 13. Qc4 b6 14. a3 Bd7 15. Rab1
Na5 16. Qa2 Nc6 17. Bf4 Rfc8 18. Bxc7 Rxc7 19. d4 Rd8 20. dxc5 Qxc5 21. Rbc1
Qe7 22. e3 Rcc8 23. h4 Be8 24. Rfd1 h6 25. Rxd8 Rxd8 26. Ne2 f5 27. b4 b5 28.
Nd2 Rd6 29. Nb3 g5 30. hxg5 hxg5 31. Nc5 Kh8 32. Qc2 a5 33. Nc3 axb4 34. Nxb5
Rd8 35. axb4 Nxb4 36. Qc4 Bxb5 37. Qxb5 Na2 38. Re1 Nc3 39. Qc6 Rd6 40. Qc8+
Rd8 41. Qc6 Rd6 42. Qc8+ Rd8 43. Qc6 1/2-1/2

[Event "Gibraltar Masters Open 2015"]
[Site "Caleta ENG"]
[Date "2015.01.30"]
[Round "4"]
[White "Bogner, Sebastian"]
[Black "Jakovenko, Dmitry"]
[Result "1/2-1/2"]
[WhiteElo "2565"]
[BlackElo "2733"]
[PlyCount "113"]
[EventDate "2015.01.27"]

1. d4 Nf6 2. c4 e6 3. Nc3 Bb4 4. e3 O-O 5. Nge2 Re8 6. a3 Bf8 7. Ng3 d5 8. Be2
c5 9. dxc5 dxc4 10. Bxc4 Qxd1+ 11. Kxd1 Bxc5 12. Ke2 Rd8 13. b4 Be7 14. Bb2
Nbd7 15. Rhd1 Nb6 16. Rxd8+ Bxd8 17. Bd3 a5 18. Nge4 Be7 19. Nc5 axb4 20. axb4
Rxa1 21. Bxa1 Nbd5 22. Nxd5 Nxd5 23. Be4 b6 24. Bxd5 bxc5 25. Bc4 cxb4 26. Kd3
Bd7 27. Bd4 g5 28. e4 h5 29. Bb6 Bd6 30. h3 Kg7 31. Kd4 f6 32. Bc5 Be5+ 33. Kd3
Bc3 34. Bd4 Bxd4 35. Kxd4 Kf7 36. Kc5 Ke7 37. Kxb4 Kd6 38. Kc3 Ke5 39. Kd3 Kf4
40. Kd4 Bc8 41. Kc5 Kxe4 42. Kd6 e5 43. Ke7 f5 44. Kf6 Kf4 45. g3+ Kf3 46. Kxe5
Kxf2 47. h4 gxh4 48. gxh4 Kg3 49. Be2 f4 50. Bxh5 Bg4 51. Bf7 f3 52. Bc4 f2 53.
Ke4 Kxh4 54. Kf4 Bd1 55. Bf1 Bh5 56. Bg2 Be2 57. Bf1 1/2-1/2

[Event "Gibraltar Masters Open 2015"]
[Site "Caleta ENG"]
[Date "2015.01.30"]
[Round "4"]
[White "Yu, Yangyi"]
[Black "Sengupta, Deep"]
[Result "1-0"]
[WhiteElo "2724"]
[BlackElo "2569"]
[PlyCount "103"]
[EventDate "2015.01.27"]

1. c4 c6 2. Nf3 d5 3. g3 Nf6 4. Bg2 g6 5. Qa4 dxc4 6. Qxc4 Bg7 7. O-O O-O 8. d4
Bf5 9. Nc3 Nbd7 10. e3 Ne4 11. Rd1 Nb6 12. Qb3 Qc7 13. Bd2 Nxc3 14. Bxc3 Nd5
15. Nd2 Bg4 16. Rdc1 Nxc3 17. bxc3 Rac8 18. a4 b6 19. a5 c5 20. axb6 axb6 21.
Rcb1 cxd4 22. cxd4 Bf5 23. Be4 Bxe4 24. Nxe4 Qc6 25. Nd2 Rfd8 26. Ra7 Rc7 27.
Rxc7 Qxc7 28. Nc4 e5 29. dxe5 Bxe5 30. Qxb6 Qxb6 31. Rxb6 Bc3 32. g4 Kg7 33. h4
h6 34. Rb5 Bf6 35. h5 gxh5 36. Rxh5 Bg5 37. Kg2 Rd1 38. f4 Be7 39. Rb5 Rc1 40.
Ne5 Bf6 41. Nd3 Rd1 42. Rd5 Bh4 43. Rd7 Kf8 44. Kf3 Bf6 45. Ne5 Rxd7 46. Nxd7+
Ke7 47. Nxf6 Kxf6 48. Kg3 Ke6 49. Kh4 Kd5 50. Kh5 Ke4 51. Kxh6 Kxe3 52. f5 1-0

[Event "Gibraltar Masters Open 2015"]
[Site "Caleta ENG"]
[Date "2015.01.31"]
[Round "5"]
[White "Vazquez Igarza, Renier"]
[Black "Wei, Yi"]
[Result "1/2-1/2"]
[WhiteElo "2592"]
[BlackElo "2675"]
[PlyCount "109"]
[EventDate "2015.01.27"]

1. Nf3 Nf6 2. c4 g6 3. Nc3 d5 4. cxd5 Nxd5 5. Qb3 Nb6 6. d4 Bg7 7. Bf4 Be6 8.
Qa3 c5 9. Qxc5 Nc6 10. e4 Nxd4 11. Nxd4 Bxd4 12. Bb5+ Kf8 13. Qa3 a6 14. Be2
Qc8 15. Rc1 Qc5 16. Qxc5 Bxc5 17. O-O Rc8 18. Bh6+ Ke8 19. Rfd1 Bd6 20. Bg7 Rg8
21. Bd4 Bc5 22. f3 f6 23. Kf2 Kf7 24. Ke3 Rc6 25. Bxc5 Rxc5 26. Rd4 Rgc8 27.
Rb4 R5c6 28. Rd1 Bc4 29. Bxc4+ Nxc4+ 30. Ke2 b5 31. a4 Nxb2 32. Rxb2 Rxc3 33.
axb5 Rc2+ 34. Rd2 Rxb2 35. Rxb2 Rb8 36. b6 Rb7 37. Kd3 Ke6 38. Kd4 Kd6 39. e5+
fxe5+ 40. Ke4 Kc5 41. Rc2+ Kxb6 42. Kxe5 a5 43. Rb2+ Ka6 44. Ra2 Rb4 45. Ke6
Kb5 46. Kxe7 Rf4 47. Kd6 a4 48. Ke5 g5 49. h4 h6 50. hxg5 hxg5 51. Ra1 Kb4 52.
Rf1 a3 53. g3 Rc4 54. f4 gxf4 55. gxf4 1/2-1/2

[Event "Gibraltar Masters Open 2015"]
[Site "Caleta ENG"]
[Date "2015.01.31"]
[Round "5"]
[White "Anton Guijarro, David"]
[Black "Topalov, Veselin"]
[Result "0-1"]
[WhiteElo "2617"]
[BlackElo "2800"]
[PlyCount "114"]
[EventDate "2015.01.27"]

1. Nf3 d5 2. b3 Bg4 3. e3 Nd7 4. Bb2 Ngf6 5. h3 Bxf3 6. Qxf3 e6 7. c4 c6 8. Qd1
Bd6 9. Be2 a6 10. O-O Bb8 11. d4 Qc7 12. f4 g5 13. Nc3 gxf4 14. exf4 Ba7 15. c5
Rg8 16. b4 Nf8 17. Qe1 Ng6 18. Qf2 Bb8 19. Bc1 Ne4 20. Nxe4 dxe4 21. Bc4 Qd7
22. f5 Qc7 23. g4 exf5 24. Kh1 Ne7 25. Bd2 Qg3 26. Qxg3 Bxg3 27. gxf5 Rd8 28.
Be3 Nd5 29. Bg1 Rg5 30. Rab1 Ke7 31. Rb3 Kf6 32. a4 Bc7 33. Bf2 Rh5 34. Be2 Rh6
35. Bg4 Rg8 36. Rg1 Nf4 37. Re3 Nd3 38. Rxd3 exd3 39. Kg2 Rh5 40. d5 cxd5 41.
Kf3 Rxf5+ 42. Bxf5 Rxg1 43. Bxg1 Kxf5 44. Be3 h5 45. Bd2 d4 46. b5 axb5 47.
axb5 Be5 48. c6 bxc6 49. bxc6 Bc7 50. Bh6 Bb6 51. Bf4 Ke6 52. Ke4 d2 53. Bxd2
Kd6 54. Kf5 Kxc6 55. Kg5 Kd5 56. Kxh5 Ke4 57. Kg4 d3 0-1

[Event "Gibraltar Masters Open 2015"]
[Site "Caleta ENG"]
[Date "2015.01.31"]
[Round "5"]
[White "Bologan, Viktor"]
[Black "Svidler, Peter"]
[Result "1/2-1/2"]
[WhiteElo "2608"]
[BlackElo "2739"]
[PlyCount "67"]
[EventDate "2015.01.27"]

1. Nf3 Nf6 2. c4 c5 3. g3 d5 4. cxd5 Nxd5 5. Bg2 Nc6 6. d4 cxd4 7. Nxd4 Ndb4 8.
Nxc6 Qxd1+ 9. Kxd1 Nxc6 10. Nc3 Bd7 11. Be3 Rc8 12. Rc1 g6 13. Kd2 Bg7 14. Rhd1
O-O 15. Ke1 Be6 16. b3 Nb4 17. Bd4 Rc7 18. Bxg7 Kxg7 19. Rd4 a5 20. a3 Na6 21.
b4 axb4 22. axb4 Rfc8 23. Kd2 Rc4 24. Rxc4 Rxc4 25. Bxb7 Nxb4 26. Nb5 Rxc1 27.
Kxc1 Bd5 28. Bxd5 Nxd5 29. e4 Nb4 30. Kd2 e5 31. Kc3 Na6 32. Kc4 Kf6 33. h4 Ke6
34. g4 1/2-1/2

[Event "Gibraltar Masters Open 2015"]
[Site "Caleta ENG"]
[Date "2015.01.31"]
[Round "5"]
[White "Lalith, Babu M.R"]
[Black "Yu, Yangyi"]
[Result "0-1"]
[WhiteElo "2537"]
[BlackElo "2724"]
[PlyCount "82"]
[EventDate "2015.01.27"]

1. d4 Nf6 2. c4 g6 3. Nf3 Bg7 4. e3 O-O 5. Be2 d6 6. O-O Nbd7 7. Nc3 e5 8. b4
Re8 9. Qc2 Qe7 10. Bb2 e4 11. Nd2 h5 12. Rac1 h4 13. Rfd1 h3 14. g3 c6 15. Nb3
a6 16. d5 cxd5 17. Nxd5 Nxd5 18. Rxd5 Bxb2 19. Qxb2 Nf6 20. Rd4 Bg4 21. Rcd1
Rad8 22. a3 b6 23. Nc1 Qe5 24. Na2 Bxe2 25. Qxe2 Nh7 26. c5 bxc5 27. bxc5 Qxc5
28. Nb4 Ng5 29. Rc4 Qf5 30. Nc6 Rc8 31. Rdc1 Nf3+ 32. Kh1 Kh7 33. Rd1 d5 34.
Rcc1 Re6 35. Nd4 Nxd4 36. exd4 Rec6 37. Rxc6 Rxc6 38. Qe3 Rc2 39. Kg1 Kg7 40.
Rf1 Ra2 41. Rc1 a5 0-1

[Event "Gibraltar Masters Open 2015"]
[Site "Caleta ENG"]
[Date "2015.01.31"]
[Round "5"]
[White "Harikrishna, Pentala"]
[Black "Lenderman, Aleksandr"]
[Result "1/2-1/2"]
[WhiteElo "2723"]
[BlackElo "2614"]
[PlyCount "119"]
[EventDate "2015.01.27"]

1. e4 e6 2. d4 d5 3. Nd2 c5 4. Ngf3 cxd4 5. exd5 Qxd5 6. Bc4 Qd6 7. O-O Nf6 8.
Nb3 Nc6 9. Nbxd4 Nxd4 10. Nxd4 a6 11. Re1 Qc7 12. Bd3 Bd6 13. g3 O-O 14. Bg5
Be7 15. Qe2 h6 16. Bf4 Bd6 17. Bxd6 Qxd6 18. Rad1 Rd8 19. Nf3 Qb6 20. Qe3 Qxe3
21. Rxe3 Bd7 22. Ree1 Rac8 23. c4 a5 24. b3 Kf8 25. Bf1 Ke7 26. Nd4 g6 27. Bg2
b6 28. f4 Rc5 29. Rd2 Rdc8 30. a4 Be8 31. Red1 g5 32. Bf3 gxf4 33. gxf4 Bd7 34.
Re1 Kf8 35. Kf2 Be8 36. Rde2 R8c7 37. Rd1 Rd7 38. Re5 Rd6 39. Ree1 Bd7 40. Rg1
e5 41. fxe5 Rxe5 42. Ne2 Ng4+ 43. Kg3 Rg6 44. h3 Ne3+ 45. Kf4 Re7 46. Rxg6 fxg6
47. Rg1 g5+ 48. Kg3 Nf5+ 49. Kf2 Nh4 50. Bg4 Bxg4 51. hxg4 Rf7+ 52. Ke3 Rf3+
53. Ke4 Rxb3 54. Nd4 Rc3 55. Rb1 Rxc4 56. Rxb6 Rxa4 57. Rxh6 Kg7 58. Ra6 Nf3
59. Kxf3 Rxd4 60. Rxa5 1/2-1/2

[Event "Gibraltar Masters Open 2015"]
[Site "Caleta ENG"]
[Date "2015.01.31"]
[Round "5"]
[White "Chirila, Ioan-Cristian"]
[Black "Vitiugov, Nikita"]
[Result "0-1"]
[WhiteElo "2548"]
[BlackElo "2735"]
[PlyCount "130"]
[EventDate "2015.01.27"]

1. d4 Nf6 2. c4 e6 3. Nf3 d5 4. Nc3 c6 5. e3 Nbd7 6. Qc2 Bd6 7. Be2 O-O 8. O-O
dxc4 9. Bxc4 e5 10. h3 Qe7 11. e4 exd4 12. Nxd4 Ne5 13. Be2 Ng6 14. Nf5 Bxf5
15. exf5 Qe5 16. g3 Nh4 17. Bg4 Nxg4 18. hxg4 Nf3+ 19. Kh1 Qd4 20. Qe4 Qxe4 21.
Nxe4 Bb4 22. a3 Rfe8 23. Ng5 Nxg5 24. Bxg5 Bc5 25. Rac1 Bb6 26. Rc2 f6 27. Bf4
Rad8 28. Kg2 Rd3 29. Rb1 Re4 30. b3 h6 31. Kf1 Kf7 32. Re2 Rxe2 33. Kxe2 Rc3
34. Rb2 Ke8 35. Bd2 Rc5 36. Be3 Re5 37. Rd2 Ke7 38. Rd3 a5 39. a4 Bxe3 40. fxe3
Re4 41. Kf3 Rb4 42. Rc3 Kd6 43. Rd3+ Kc7 44. e4 b6 45. Ke3 c5 46. Kf4 b5 47.
axb5 Rxb5 48. g5 hxg5+ 49. Kg4 Rb4 50. Re3 Kd6 51. Kh5 Ke5 52. Kg6 Rxe4 53. Rd3
a4 54. bxa4 Rxa4 55. Rd7 Ra6 56. Rxg7 c4 57. Rc7 Kd5 58. g4 Rc6 59. Rd7+ Kc5
60. Rd1 c3 61. Re1 c2 62. Rc1 Kd5 63. Rxc2 Rxc2 64. Kxf6 Rc6+ 65. Kxg5 Ke5 0-1

[Event "Gibraltar Masters Open 2015"]
[Site "Caleta ENG"]
[Date "2015.01.31"]
[Round "5"]
[White "Jakovenko, Dmitry"]
[Black "Muzychuk, Anna"]
[Result "1/2-1/2"]
[WhiteElo "2733"]
[BlackElo "2544"]
[PlyCount "93"]
[EventDate "2015.01.27"]

1. d4 d5 2. c4 c6 3. Nf3 Nf6 4. e3 Bg4 5. Nc3 e6 6. Qb3 Qb6 7. Nh4 Bh5 8. h3
Qxb3 9. axb3 Na6 10. g4 Nb4 11. Kd1 Bg6 12. Nxg6 hxg6 13. g5 Nd7 14. Bd2 Be7
15. Rg1 O-O 16. f4 c5 17. cxd5 exd5 18. Bg2 cxd4 19. exd4 Nb6 20. Re1 Bd8 21.
Be3 a6 22. Kd2 Bc7 23. Re2 Rad8 24. h4 Nc8 25. Ra4 Bd6 26. Bxd5 Nb6 27. Rxb4
Bxb4 28. Bxb7 Nd5 29. Kd3 Nxe3 30. Rxe3 Rd6 31. d5 Rb8 32. Bc6 Ba5 33. Kc2 Rdd8
34. Re4 Rb4 35. Rc4 Rdb8 36. Ba4 R4b6 37. Ne4 Bb4 38. Nc5 Bxc5 39. Rxc5 Kf8 40.
Kc3 R8b7 41. d6 Rb8 42. d7 Rd8 43. f5 gxf5 44. Rxf5 Ke7 45. Kd4 g6 46. Rf2 f5
47. gxf6+ 1/2-1/2

[Event "Moscow Open  2015"]
[Site "Moscow RUS"]
[Date "2015.01.31"]
[Round "1"]
[White "Bublei, Pavel"]
[Black "Nepomniachtchi, Ian"]
[Result "0-1"]
[WhiteElo "2354"]
[BlackElo "2714"]
[PlyCount "68"]
[EventDate "2015.01.31"]

1. d4 f5 2. c4 Nf6 3. g3 g6 4. Bg2 Bg7 5. Nf3 O-O 6. O-O d6 7. Nc3 c6 8. Qb3
Na6 9. Be3 Ng4 10. Bg5 h6 11. Bc1 Nf6 12. Rd1 Kh7 13. Be3 Qe8 14. Qa3 Nc7 15.
Ne1 Be6 16. d5 Bd7 17. Rab1 b6 18. h3 g5 19. dxc6 Bxc6 20. Nd5 Ncxd5 21. cxd5
Bb5 22. Rd2 Qg6 23. Rc1 Rac8 24. Rdc2 Rxc2 25. Rxc2 f4 26. Bd4 fxg3 27. Qxg3
Bd7 28. Qe3 Rf7 29. Nd3 Bf5 30. Rc7 e5 31. Nxe5 dxe5 32. Bxe5 Rxc7 33. Bxc7 Qf7
34. d6 Qxa2 0-1

[Event "Moscow Open  2015"]
[Site "Moscow RUS"]
[Date "2015.01.31"]
[Round "1"]
[White "Vallejo Pons, Francisco"]
[Black "Rozhko, Dmitry"]
[Result "1-0"]
[WhiteElo "2706"]
[BlackElo "2354"]
[PlyCount "83"]
[EventDate "2015.01.31"]

1. d4 d5 2. c4 c6 3. Nf3 Nf6 4. Nc3 a6 5. e3 b5 6. c5 Bg4 7. h3 Bxf3 8. gxf3 e5
9. dxe5 Nfd7 10. f4 Nxc5 11. b3 Nbd7 12. Bb2 a5 13. Bg2 a4 14. Rc1 axb3 15.
axb3 Ne6 16. O-O Ba3 17. Bxa3 Rxa3 18. f5 Nc7 19. e4 d4 20. Qxd4 c5 21. Qd1
Nxe5 22. Nxb5 Nxb5 23. Qxd8+ Kxd8 24. Rxc5 Rxb3 25. Rxe5 Nc3 26. Ra1 Kc7 27.
Re7+ Kd6 28. Rxf7 g6 29. Ra6+ Kc5 30. fxg6 hxg6 31. Rxg6 Kd4 32. Rd7+ Ke5 33.
Re7+ Kd4 34. Rd6+ Kc5 35. e5 Ne2+ 36. Kh2 Rhb8 37. Rc7+ Kb4 38. Rd2 Nc3 39. e6
Nb5 40. Rcd7 Re8 41. e7 Ra3 42. Rb2+ 1-0

[Event "Moscow Open  2015"]
[Site "Moscow RUS"]
[Date "2015.01.31"]
[Round "1"]
[White "Kazakovskiy, Valeriy"]
[Black "Lysyj, Igor"]
[Result "1/2-1/2"]
[WhiteElo "2354"]
[BlackElo "2700"]
[PlyCount "85"]
[EventDate "2015.01.31"]

1. e4 e6 2. d4 d5 3. Nc3 Nf6 4. Bg5 dxe4 5. Nxe4 Be7 6. Bxf6 Bxf6 7. Nf3 O-O 8.
c3 Nd7 9. Bd3 e5 10. O-O exd4 11. Nxf6+ Nxf6 12. Nxd4 Nd7 13. Nf3 Nf6 14. Nd4
c5 15. Nf5 g6 16. Ne3 Be6 17. Qf3 Qxd3 18. Qxf6 Qd8 19. Qf4 Qb6 20. b3 Rad8 21.
h4 h5 22. Rfd1 Rxd1+ 23. Rxd1 Rd8 24. Rxd8+ Qxd8 25. Kh2 b5 26. Nf1 Bd5 27. Nd2
Bc6 28. f3 a5 29. a3 Qe7 30. b4 axb4 31. axb4 cxb4 32. cxb4 Bd5 33. Kg3 Kh7 34.
Kh2 Kg8 35. Kg3 Qe1+ 36. Kh2 Qf2 37. Qb8+ Kh7 38. Qf4 Kg8 39. Qb8+ Kh7 40. Qf4
Kg8 41. Qb8+ Kh7 42. Qf4 Kg8 43. Qb8+ 1/2-1/2

[Event "Bundesliga 2014/15"]
[Site "Trier GER"]
[Date "2015.01.31"]
[Round "8"]
[White "Wojtaszek, Radoslaw"]
[Black "Moiseenko, Alexander"]
[Result "1-0"]
[WhiteElo "2742"]
[BlackElo "2698"]
[PlyCount "127"]
[EventDate "2014.10.18"]
[EventType "team"]
[WhiteTeam "SK Schwaebisch Hall"]
[BlackTeam "SV 1930 Hockenheim"]

1. d4 Nf6 2. c4 e6 3. Nf3 Bb4+ 4. Nbd2 b6 5. a3 Bxd2+ 6. Qxd2 a5 7. b3 Bb7 8.
e3 O-O 9. Be2 d6 10. Bb2 Nbd7 11. O-O Qe7 12. Qc2 c5 13. Rfd1 Rfd8 14. Qc3 Ne4
15. Qe1 h6 16. Nd2 Nef6 17. Nb1 cxd4 18. exd4 e5 19. Bf1 e4 20. Nc3 d5 21. a4
Nf8 22. Ba3 Qd7 23. Rac1 Ng6 24. Nb5 Nh4 25. Nd6 Ba6 26. Qe3 Nf5 27. Nxf5 Qxf5
28. h3 Qe6 29. Rc3 Rac8 30. Rdc1 Qe8 31. Be2 Rc6 32. c5 Bxe2 33. Qxe2 Rb8 34.
b4 axb4 35. Bxb4 bxc5 36. Bxc5 Nd7 37. a5 Nxc5 38. Rxc5 Rxc5 39. Rxc5 Rb1+ 40.
Kh2 Qb8+ 41. g3 Ra1 42. Qg4 Qb7 43. Qf5 g6 44. Qxd5 Qxd5 45. Rxd5 Kg7 46. g4
Ra4 47. h4 Kf6 48. Kg3 Ke6 49. Re5+ Kd6 50. Kf4 Rxd4 51. Rxe4 Rd2 52. Ra4 Rxf2+
53. Ke3 Rb2 54. a6 Rb8 55. a7 Ra8 56. Ke4 f6 57. Ra6+ Kc5 58. h5 Kb5 59. Ra1
gxh5 60. gxh5 Kb6 61. Kf5 Rxa7 62. Rxa7 Kxa7 63. Kxf6 Kb6 64. Kg6 1-0

[Event "Bundesliga 2014/15"]
[Site "Rostock GER"]
[Date "2015.01.31"]
[Round "8"]
[White "Eljanov, Pavel"]
[Black "Van Kampen, Robin"]
[Result "1-0"]
[WhiteElo "2719"]
[BlackElo "2641"]
[PlyCount "85"]
[EventDate "2014.10.18"]
[EventType "team"]
[WhiteTeam "USV TU Dresden"]
[BlackTeam "Hamburger SK"]

1. d4 Nf6 2. c4 e6 3. Nf3 d5 4. Nc3 Bb4 5. cxd5 exd5 6. Bg5 Nbd7 7. e3 h6 8.
Bh4 g5 9. Bg3 Ne4 10. Nd2 Nxg3 11. hxg3 Nb6 12. Qc2 Be6 13. a3 Bf8 14. Bd3 c6
15. b4 a5 16. bxa5 Rxa5 17. a4 Nd7 18. Rb1 Ra7 19. Bf5 Qf6 20. Bxe6 Qxe6 21.
O-O Bg7 22. a5 O-O 23. Na4 Rfa8 24. Nb3 Bf8 25. Nb2 Nf6 26. Nd3 Ne4 27. g4 Nf6
28. Nbc5 Bxc5 29. Nxc5 Qxg4 30. Nxb7 Qc8 31. Nd6 Qe6 32. Nf5 Ne4 33. g4 Rxa5
34. Rb6 R5a6 35. Rxa6 Rxa6 36. Rb1 Ra8 37. f3 Nd6 38. Qxc6 Nxf5 39. Qxa8+ Kh7
40. gxf5 Qxe3+ 41. Kg2 Qd2+ 42. Kh1 Qd3 43. Qa2 1-0